000 00950nam a2200253 i 4500
003 DO-SdBNP
005 20250303095623.0
007 ta
008 250303b2014 dr ||||| |||| 00| 0 spa d
040 _aDO-SdBNP
_bspa
_cBNPHU
_espa
082 4 _axxx
_bxxx
_222
100 _aPérez Jiménez, Minerva Ramona,
_eautor
_4aut.
_953398
245 1 4 _aLos servicios de orientación y psicología en los centros educativos /
_cMinerva R. Pérez Jiménez ; revisión, Casilda Avila ; corrección, Víctor Ant. Gómez
264 4 _aSanto Domingo :
_bMinisterio de Educación República Dominicana,
_c2014.
300 _a152 páginas ;
_c27 cm.
336 _atexto
_btxt
_2rdacontent
337 _asin mediación
_bn
_2rdamedia
338 _avolumen
_bnc
_2rdacarrier
590 _aInventariado, 2025/BT
700 1 _aAvila, Casilda,
_erevisión
_4rev.
_950030
700 1 _aGómez, Víctor Ant.,
_ecorrector
_4corr.
_987095
910 _aBtavárez
942 _2ddc
_cLBS1
999 _c58272
_d58272